Regime Switching Behaviour of Selected European Stock Market Returns

Správanie vybraných výnosov európskeho akciového trhu pri zmene režimov.

Salvato in:
Dettagli Bibliografici
Autore principale: Chocholatá, Michaela, 1977-
Natura: Capitolo di libro
Lingua:inglese
Soggetti:
Tags: Aggiungi Tag
Nessun Tag, puoi essere il primo ad aggiungerne!!

MARC

LEADER 00000naa$a2200000$$$4500
001 0298006
005 20240502084005.1
041 0 |a eng 
044 |a CZ 
245 1 0 |a Regime Switching Behaviour of Selected European Stock Market Returns  |c Michaela Chocholatá 
520 |a Správanie vybraných výnosov európskeho akciového trhu pri zmene režimov. 
610 2 0 |a modely 
610 2 0 |a režim kurzový 
610 2 0 |a výnosy 
610 2 0 |a trh akciový 
610 2 0 |a trh burzový 
610 2 0 |a správanie 
610 2 0 |a burzovníctvo 
610 2 0 |a burzy 
610 2 0 |a Európa 
100 1 |a Chocholatá, Michaela, 1977-